000 00250nam a22000857a 4500
008 161205b xxu||||| |||| 00| 0 eng d
100 _91806
_aRachna Sager pvt .ltd
245 _aLevel part -1 Together with Rhymes-A
260 _aNEW DELHI
_bRACHNA SAGAR
_c2007
999 _c4535
_d4535